000 00619nam a2200229Ia 4500
003 OSt
005 20221007063752.0
006 a|||||r|||| 00| 0
007 ta
008 221006b |||||||| |||| 00| 0 eng d
024 _a15,342
037 _cTextual
040 _aFLL
_cFLL
_beng
041 _2eng
_aeng
082 _aX36:Z2, M8
100 _aGaur K.D. Au.
_9684096
245 0 _aLaw of international telecommunications in India
260 _aCalcutta
_bGemini Book House India
_c1988
300 _a219p
_ccm.
942 _hX36:Z2, M8
_cTEXL
_2CC
999 _c1132126
_d1132126